书目信息 |
| 题名: |
无机及分析化学学习指导
|
|
| 作者: | 董元彦 , 王运 , 张方钰 主编 | |
| 分册: | ||
| 出版信息: | 北京 科学出版社 2006 |
|
| 页数: | 317页 | |
| 开本: | 24cm | |
| 丛书名: | ||
| 单 册: | ||
| 中图分类: | O61 , O65 | |
| 科图分类: | ||
| 主题词: | 无机化学--高等学校--教学参考资料 , 分析化学--高等学校--教学参考资料 , 无机化学 , 分析化学 | |
| 电子资源: | ||
| ISBN: | 978-7-03-016958-7 | |
| 000 | 01122nam0 2200325 450 | |
| 001 | 003136699 | |
| 005 | 20070805104345.29 | |
| 010 | @a978-7-03-016958-7@dCNY29.00 | |
| 035 | @a003136699 | |
| 100 | @a20060119e20072006em y0chiy0110 ea | |
| 101 | 0 | @achi |
| 102 | @aCN@b110000 | |
| 105 | @ay zq 000yy | |
| 106 | @ar | |
| 200 | 1 | @a无机及分析化学学习指导@Awu ji ji fen xi hua xue xue xi zhi dao@f董元彦,王运,张方钰主编@Fdong yuan yan, wang yun, zhang fang yu zhu bian |
| 210 | @a北京@c科学出版社@d2006@h2007重印 | |
| 215 | @a317页@d24cm | |
| 300 | @a科学版学习指导系列·农林类 | |
| 330 | @a本书内容包括各章的学习要求,内容概要,例题与习题解答,练习题与练习题答案。此外还有若干套模拟试题,包括研究生入学考试模拟试卷。 | |
| 606 | 0 | @a无机化学@x高等学校@j教学参考资料 |
| 606 | 0 | @a分析化学@x高等学校@j教学参考资料 |
| 606 | 0 | @a无机化学 |
| 606 | 0 | @a分析化学 |
| 690 | @aO61@v4 | |
| 690 | @aO65@v4 | |
| 701 | 0 | @a董元彦@Adong yuan yan@f(1944.10~)@4主编 |
| 701 | 0 | @a王运@Awang yun@c(化学)@4主编 |
| 701 | 0 | @a张方钰@Azhang fang yu@c(女)@4主编 |
| 801 | 0 | @aCN@bNLC@c20070805 |
| 905 | @dO61@e135@f5 | |
| 无机及分析化学学习指导/董元彦,王运,张方钰主编.-北京:科学出版社,2006(2007重印) |
| 317页;24cm |
| 科学版学习指导系列·农林类 |
| ISBN 978-7-03-016958-7:CNY29.00 |
| 本书内容包括各章的学习要求,内容概要,例题与习题解答,练习题与练习题答案。此外还有若干套模拟试题,包括研究生入学考试模拟试卷。 |
| ● |
| 相关链接 |
|
|
|
|
正题名:无机及分析化学学习指导
索取号:O61/135
 
预约/预借
| 序号 | 登录号 | 条形码 | 馆藏地/架位号 | 状态 | 备注 |
| 1 | 0851356 | 208513562 | 第二样本阅览室/ [索取号:O61/135] | 在馆 | |
| 2 | 0851357 | 208513571 | 第三借阅区/ [索取号:O61/135] | 在馆 | |
| 3 | 0851358 | 208513580 | 第三借阅区/ [索取号:O61/135] | 在馆 | |
| 4 | 0851359 | 208513599 | 第三借阅区/ [索取号:O61/135] | 在馆 | |
| 5 | 0851360 | 208513606 | 第三借阅区/ [索取号:O61/135] | 在馆 |